1750 1680 1510 1615 1413 1183 1999 1354 1948 1201 1260 1461 1041 1834 1666 1594 1525 1671 1639 1433 1411 1844 1574 1598 1903 1164 1858 1602 1504 1983 1313 1586 1851 1873 1543 1542 1922 1364 1583 1017 1762 1648 1808 1519 1685 1481 1078 1837 1324 1419 1015 1822 1346 1434 1147 1415 1634 1529 1313 1753 1550 1997 1301 1557 1544 1493 1938 1498 1501 1213 1383 1558 1692 1459 1135 1002 1445 1313 1832 1372 1848 1936 1181 1068 1364 1330 1910 1765 1976 1605 1435 1797 1606 1627 1981 1814 1866 1613 1182 BCNSPRNW ULIB Ver.6.0+V

เปลี่ยนเป็นภาษาไทย

Change to English
 แสดงรายละเอียดบรรณานุกรม
  กลับหน้าหลัก

Brief Record : Get Marc (ISO 2709) : E-mail record : QR code < ปิดหน้าต่าง
LEADER : 00000nam 2200000uu 4500
001    13399113165
003     ULIB
008    110929s2550||||th 000 0 tha d
020    9789744896698
050 04 QA76.75^bอ568จ 2550
100 0  อัมรินทร์ เพ็ชรกุล
245 10 จัดการอีเมล์ และบริหารเวลา ด้วย Outlook 2007 ฉบับสมบูรณ์ /^cอัมรินทร์ เพ็ชรกุล
246 30 Outlook 2007
260    กรุงเทพฯ :^bซัคเซส มีเดีย,^c2550
300    222 หน้า :^bภาพประกอบ ;^c21 ซม
650  7 Microsoft Outlook
650  7 โปรแกรมคอมพิวเตอร์
710 1  ซัคเซส มีเดีย
945    ^p179^l0^i022892
995    ทศพร
999 ^a ทศพร
รายการนี้ยังไม่มีแท็ก
คุณยังไม่ได้ล็อกอิน คุณสามารถมีกิจกรรมร่วมกับเว็บไซต์ได้ แต่ต้องล็อกอินก่อน ::
  ล็อกอิน

รายการสื่อสารสนเทศ

ลำดับที่ ประเภท เลขเรียก/บาร์โค้ด สถานที่ สถานะ
- ไม่พบข้อมูล -

รายการใกล้เคียง
    ผู้แต่ง [อัมรินทร์ เพ็ชรกุล]

    หัวเรื่อง [Microsoft Outlook]
    หัวเรื่อง [โปรแกรมคอมพิวเตอร์]

BibComment


ยังไม่เคยถูกคอมเมนท์

คอมเมนท์ทรัพยากรรายการนี้
  คอมเมนท์: จัดการอีเมล์ และบ..


 Copyright 2026. Bcnsprnw @Library